LIBRARY & INFORMATION CENTRE, KCAET, TAVANUR

ONLINE PUBLIC ACCESS CATALOGUE (OPAC)

Compendium of technologies for processing, preservation and value addition of Horticultural crops (Record no. 15653)

MARC details
000 -LEADER
fixed length control field 00458nam a22001457a 4500
003 - CONTROL NUMBER IDENTIFIER
control field OSt
008 - FIXED-LENGTH DATA ELEMENTS--GENERAL INFORMATION
fixed length control field 190523b ||||| |||| 00| 0 eng d
020 ## - INTERNATIONAL STANDARD BOOK NUMBER
ISBN 9788170195665
082 ## - DEWEY DECIMAL CLASSIFICATION NUMBER
Classification number 635.046
Item number SRI/CO
245 ## - TITLE STATEMENT
Title Compendium of technologies for processing, preservation and value addition of Horticultural crops
260 ## - PUBLICATION, DISTRIBUTION, ETC. (IMPRINT)
Place of publication New Delhi
Name of publisher Today and Tomorrow's Printers and Publishers
Year of publication 2017
300 ## - PHYSICAL DESCRIPTION
Number of Pages 204 p.
700 ## - ADDED ENTRY--PERSONAL NAME
Personal name Srivastava, P K
942 ## - ADDED ENTRY ELEMENTS (KOHA)
Koha item type Books
Holdings
Withdrawn status Lost status Damaged status Collection code Home library Current library Shelving location Date acquired Cost, normal purchase price Full call number Accession Number Koha item type
      Non-fiction KAUAET KAUAET General Stacks 23/05/2019 1595.00 635.046 SRI/CO 25855 Books
free website counter